[Event "SA Candidates"]
[Site "Adelaide"]
[Date "2002.02.12"]
[Round "1.2"]
[White "Foggo, Grant"]
[Black "Dakovic, Goran"]
[Result "1-0"]
[WhiteElo "1489"]
[BlackElo "1692"]
[Annotator "Fritz 7 - Anderson-Smith,W"]
[PlyCount "51"]
[EventDate "2002.02.12"]
[EventType "swiss"]
[EventRounds "7"]
[EventCountry "AUS"]

{C10: French with 3 Nc3: Unusual Black 3rd moves and 3...dxe4} 1. e4 e6 2. d4
d5 3. Nc3 c5 4. Nf3 (4. exd5 {[%emt 0:00:00]} exd5 {[%emt 0:00:00]} 5. Be3 Nf6
6. dxc5 Nc6 7. Bb5 Be7 (7... a6 8. Ba4 Be7 9. Nf3 O-O 10. h3 Qa5 11. Bxc6 bxc6
12. Nd4 Qxc5 13. Ne6 Qb5 14. Nxf8 Qxb2 15. Na4 Qb5 16. c3 Bf5 17. g4 Be4 18. f3
Bxf3 19. Qxf3 Ne4 20. h4 Rxf8 21. Qd1 Bd6 22. Rh3 Re8 23. Rb1 Qc4 24. Qb3 Qd3
25. Rd1 Qb5 26. Qxb5 axb5 27. Nb6 Nxc3 28. Rc1 d4 29. Rxc3 Bb4 30. Kd1 Bxc3 31.
Bd2 Bxd2 32. Kxd2 c5 33. Rb3 b4 34. Kd3 Re1 35. Rb2 Re3+ 36. Kc4 Rc3+ 37. Kd5
h5 38. gxh5 d3 39. Rd2 Kh7 40. Nc4 f6 41. Kxc5 b3 42. a4 Rc2 43. Rxd3 Ra2 44.
a5 Kh6 45. Rxb3 Kxh5 46. Ra3 Re2 {
1-0 Stoltz,G-Basjuni,S/Marianske Lazne 1951/EXT 98 (46)}) 8. Nge2 O-O 9. Bxc6
bxc6 10. b4 a5 11. a3 Ba6 12. O-O Ng4 13. Bd4 axb4 14. axb4 Qb8 15. Ng3 Qf4 16.
b5 Bxb5 17. Nxb5 Rxa1 18. Bxa1 cxb5 19. Bxg7 Rc8 20. Bd4 Bxc5 21. Bxc5 Rxc5 22.
Qe2 Nf6 23. Re1 Rc8 24. h3 b4 25. Qb5 Rxc2 26. Re8+ Kg7 27. Re2 Rxe2 28. Nxe2
Qc4 29. Qxc4 dxc4 30. Kf1 Nd5 31. Ke1 c3 32. Kd1 b3 33. Nd4 b2 34. Kc2 Kf6 35.
Nc6 Kf5) 4... cxd4 (4... Qb6 5. exd5 cxd4 6. Qxd4 Nf6 7. Qxb6 axb6 8. Bb5+ Bd7
9. dxe6 fxe6 10. O-O Nc6 11. Bg5 Be7 12. Rad1 h6 13. Be3 Bc5 14. Bxc5 bxc5 15.
Na4 Nd4 16. Nxd4 cxd4 17. Bxd7+ Nxd7 18. Rxd4 Ke7 19. Rxd7+ {
Hellwig,M-Hunger,H/Nakensdorf 1995/EXT 2001/1-0 (34)}) 5. Nxd4 (5. Qxd4 Ne7 6.
Bf4 Nbc6 7. Qa4 Bd7 8. Nb5 Ng6 9. Nc7+ Ke7 10. Qa3+ Kf6 11. Bg5#) 5... e5 6.
Nf3 d4 7. Bb5+ $146 (7. Nxe5 dxc3 8. Qxd8+ Kxd8 9. Nxf7+ Ke8 10. Bc4 Ke7 11.
Nxh8 Be6 12. Bb3 Bxb3 13. axb3 g6 14. bxc3 Bg7 15. Nxg6+ hxg6 16. Bb2 Na6 17.
O-O-O Rc8 18. c4 Bxb2+ 19. Kxb2 Nf6 20. f3 Nb4 21. g4 Rf8 {
Szilagyi,G-Laszlo,C/Budapest 1953/EXT 99/1/2-1/2 (40)}) (7. Nxe5 $142 Nc6 8.
Bb5 $16) 7... Bd7 $11 8. Bxd7+ Nxd7 9. Nd5 {'the knight is the knight!'} Bd6
10. O-O Ngf6 (10... Ne7 11. Nxe7 Qxe7 12. c3 dxc3 13. bxc3 $11) 11. Bg5 $14 Qa5
(11... O-O 12. c3 dxc3 13. Nxc3 $14) 12. Nxf6+ (12. Bxf6 Nxf6 13. Nxf6+ gxf6
$16) 12... gxf6 $14 13. Bh4 Qb6 14. Qc1 Rc8 15. Rd1 Qc6 16. Re1 (16. c3 $142 $5
{is worth looking at} dxc3 17. bxc3 $11) 16... Bb4 17. Rd1 Qxe4 18. c3 Rg8 (
18... dxc3 19. a3 Be7 20. bxc3 $17) 19. Bg3 $15 dxc3 20. bxc3 Rxc3 21. Qb2 (21.
Qd2 Rc7 22. Qh6 Qg6 $15) 21... Rc2 $17 22. Qb3 (22. Qb1 $142 Rc4 23. a3 $17)
22... b6 $4 {throws away the game} (22... Nc5 $142 23. Qb1 Rc3 $19) 23. Rxd7 $1
$18 {A pinning theme} Kxd7 {Deflection from f7} (23... Qc4 24. Qxc4 Rxc4 25.
Rxa7 $18) 24. Qxf7+ {A double attack} Be7 (24... Kc6 25. Qxg8 Qc4 26. Qxc4+
Rxc4 27. Bxe5 $18) 25. Qxg8 Rxa2 (25... Kc7 {the last chance for counterplay}
26. Qg7 Qb4 $18) 26. Qxa2 (26. Qxa2 Bc5 27. Qxa7+ Ke6 28. Rd1 Qc6 29. Qa2+ Qd5
30. Qxd5+ Ke7 31. Qb7+ Ke8 32. Ra1 Be7 33. Ra7 Kf7 34. Qxe7+ Kg6 35. Qxh7#) 1-0

[Event "SA Candidates"]
[Site "Adelaide"]
[Date "2002.02.12"]
[Round "1.3"]
[White "Amini, Amir"]
[Black "Lai, Andrew"]
[Result "1-0"]
[WhiteElo "1644"]
[BlackElo "1447"]
[Annotator "Fritz 7 - Anderson-Smith,W"]
[PlyCount "71"]
[EventDate "2002.02.12"]
[EventType "swiss"]
[EventRounds "7"]
[EventCountry "AUS"]

{E28: Nimzo-Indian: Sämisch: 5...0-0 6 e3} 1. d4 e6 2. c4 Bb4+ 3. Nc3 Nf6 4. e3
O-O 5. a3 (5. Bd3 c5 6. a3 Bxc3+ 7. bxc3 Nc6 8. Ne2 b6 9. e4 Ne8 10. O-O Ba6
11. f4 f5 12. exf5 exf5 13. dxc5 bxc5 14. Be3 d6 15. Bf2 Qd7 16. Ng3 g6 17. Re1
Nf6 18. Nf1 Rae8 19. Qa4 Ne5 20. Bc2 Qxa4 21. Bxa4 Ned7 22. Ne3 Re6 23. Bb5 Bb7
24. Nd5 Rxe1+ 25. Rxe1 Nxd5 26. Bxd7 Nb6 27. Re7 Bc8 28. Bc6 Rf7 29. Bh4 Bd7
30. Bf3 Rxe7 31. Bxe7 Nc8 32. Bd5+ Kg7 33. Bd8 Kf8 34. Kf2 {
1/2-1/2 Aleksandrov,A-Balashov,Y/St Petersburg 2000/CBM 76 (34)}) 5... Bxc3+ 6.
bxc3 c5 7. Ne2 (7. g4 d5 8. Bd3 dxc4 9. Bxc4 Qc7 10. Bd3 cxd4 11. Bb2 dxe3 12.
f3 Nc6 13. g5 Nd5 14. Qc2 g6 15. h4 Nf4 16. O-O-O Nxd3+ 17. Qxd3 e5 18. Qxe3
Bf5 19. c4 Rac8 20. Rd5 Rfd8 21. Rh2 Nd4 22. Rxd8+ Rxd8 23. Qc3 Qb6 24. Rd2 Qb3
25. Qa5 Qxc4+ 26. Bc3 Nb3+ {0-1 Dias,P-Neto,H/Lisbon 1998/CBM 64 ext (26)})
7... d6 $146 (7... b6 8. Ng3 Nc6 9. e4 (9. Bd3 Ba6 10. e4 Ne8 11. e5 cxd4 12.
cxd4 d5 13. Qh5 f5 14. Nxf5 exf5 15. Bxf5 Rxf5 16. Qxf5 Nxd4 17. Qd3 dxc4 18.
Qe4 Bb7 19. Qxb7 Nc2+ 20. Ke2 Qd3# {
0-1 Lyrberg,P-Nielsen,P/Minsk 1994/CBM 42 (20)}) 9... Ne8 10. Be3 (10. d5 Na5
11. Bd3 Ba6 12. Qe2 Qh4 13. O-O Nd6 14. e5 Ndxc4 15. Nh5 Nb3 16. g3 Qh3 17. Nf4
Qh6 18. Bxc4 Bxc4 19. Qxc4 Nxa1 20. Nxe6 Qg6 21. Nxf8 Rxf8 22. Bb2 Nc2 23. Rc1
{1-0 Polgar,Z-Stigar,P/Copenhagen 1986/EXT 97 (23)}) 10... d6 11. Bd3 e5 12. d5
Na5 13. O-O Ba6 14. Qe2 Qd7 15. a4 g6 16. Bh6 Ng7 17. f4 f6 18. h4 Rae8 19. f5
Bc8 20. Rf3 Rf7 21. fxg6 hxg6 22. Qf2 {
Payrhuber,K-Bohm,H/Groningen 1969/EXT 2000/0-1 (40)}) (7... d5 8. cxd5 exd5 9.
Ng3 Re8 10. Bd3 Nc6 11. O-O b6 12. f3 h5 13. Ra2 h4 14. Ne2 Na5 15. Nf4 Qd6 16.
Re2 {1/2-1/2 Karsa,L-Barczay,L/Debrecen 1987/EXT 97 (16)}) 8. Ng3 Nc6 9. Bd3 b6
10. O-O Ba6 11. Bb2 Re8 12. f3 {Secures e4+g4} (12. e4 Na5 $11) 12... e5 (12...
Na5 $5 $15 {has some apparent merit}) 13. d5 $11 {White wins space} Na5 14. Qe2
Qd7 15. a4 Rad8 16. e4 h5 17. Ra2 g6 {Consolidates f5} 18. Bc1 Kg7 19. Bg5 Rc8
20. Nh1 Nh7 21. Be3 f5 22. exf5 gxf5 23. Bf2 $4 {weakening the position} (23.
Ng3 f4 24. Nxh5+ Kh8 $14) 23... Nf6 $4 {Black loses the upper hand} (23... e4
$142 {Black would have gained the upper hand} 24. fxe4 fxe4 $19) 24. Bh4 $16 e4
$2 (24... f4 $142 $16) 25. Bxf6+ $18 Kxf6 26. fxe4 Kg5 (26... Ke7 27. exf5+ Kd8
28. Qxh5 Kc7 $18) 27. h4+ $1 {and the rest is history} Kxh4 (27... Kf6 {
no good, but what else?} 28. Qxh5 Re5 $18) 28. Qf2+ (28. Qe3 f4 29. Qxf4+ Qg4
30. Qf6+ Qg5 31. Rf4#) 28... Kg5 $18 29. Qg3+ Kh6 30. Rxf5 Bxc4 (30... Re5 {
praying for a miracle} 31. Qf4+ Kg7 $18) 31. Qf4+ Kg6 32. Qg5+ (32. Rf6+ Kh7
33. Qh6+ Kg8 34. Rg6+ Qg7 35. Qxg7#) 32... Kh7 $18 33. Raf2 Qg7 34. Rf7 Qxf7
35. Rxf7+ Kh8 36. Qg7# 1-0

[Event "SA Candidates"]
[Site "Adelaide"]
[Date "2002.02.12"]
[Round "1.4"]
[White "Wright, Bruce"]
[Black "Peake, Michael"]
[Result "0-1"]
[WhiteElo "1442"]
[BlackElo "1530"]
[Annotator "Fritz 7 - Anderson-Smith,W"]
[PlyCount "92"]
[EventDate "2002.02.12"]
[EventType "swiss"]
[EventRounds "7"]
[EventCountry "AUS"]

{C44: Ponziani Opening and Scotch Gambit} 1. e4 e5 2. Nf3 Nc6 3. d4 exd4 4. Bc4
h6 (4... Bc5 5. c3 Nf6 6. e5 d5 7. Bb5 Ne4 8. cxd4 Bb4+ 9. Bd2 Nxd2 10. Bxc6+
bxc6 11. Nbxd2 O-O 12. O-O c5 13. a3 Bxd2 14. Qxd2 c4 15. Qc3 Rb8 16. Nd2 Be6
17. f4 g6 18. b4 Bf5 19. h3 a5 20. bxa5 c5 21. Rf2 Bd3 22. Nf3 Rb3 23. Qc1 Qxa5
24. f5 Bxf5 25. Qh6 Rxf3 26. Rxf3 Be4 27. Rf2 Qc3 28. Rd1 cxd4 29. Qf4 Qe3 30.
Qf6 Bf5 31. e6 fxe6 32. Qxd4 Qxd4 33. Rxd4 c3 34. Rd1 Ra8 35. Ra2 Ra4 36. Kf2
d4 37. g4 Be4 38. Re2 Bd5 39. Re5 Kf7 40. g5 Ke7 41. Rb1 Kd6 42. Rbe1 d3 {
0-1 Strikovic,A-Illescas Cordoba,M/Pamplona 1997/CBM 63 (42)}) (4... Nf6 5. e5
d5 6. Bb5 Ne4 7. Nxd4 Bc5 8. Be3 O-O 9. Nxc6 bxc6 10. Bxc5 Nxc5 11. Bxc6 Rb8
12. Qxd5 Qe7 13. O-O Rxb2 14. Nc3 Ba6 15. Rfc1 Rd8 16. Qf3 Qxe5 17. Bd5 Qf6 18.
Qe3 Ne6 19. Bb3 Nd4 20. Re1 h6 21. Nd5 Qh4 22. Rad1 c5 23. Ne7+ Kh7 24. Bxf7
Rd6 25. Nf5 Ne2+ 26. Kh1 Rxd1 27. Bg6+ {
1-0 Ye Jiangchuan-Svidler,P/Shanghai 2001/CB41 (27)}) 5. O-O d6 (5... Bc5 6. c3
dxc3 7. Nxc3 d6 8. a3 Nf6 9. b4 Bb6 10. Bf4 O-O 11. Qd2 Qe7 12. Rae1 Be6 13.
Nd5 Qd8 14. Bxh6 gxh6 15. Qxh6 Bxd5 16. Bxd5 Nh7 17. e5 dxe5 18. Be4 f5 19.
Bxf5 Qe7 20. Re4 {Apel,K-Eberhart,D/Passau 1998/EXT 99/1-0 (33)}) 6. Nxd4 Ne5
$146 (6... Bd7 7. Nc3 Nxd4 8. Qxd4 c5 9. Qd3 Qc7 10. Bf4 O-O-O 11. Bxf7 g5 12.
Bg3 Bc6 13. Bc4 Nf6 14. Rad1 Nh5 15. Be6+ Kb8 16. e5 Nxg3 17. fxg3 Be7 18. exd6
Rxd6 19. Qg6 Rxd1 20. Rxd1 Rd8 21. Rxd8+ {
Lueth,J-Schiffel,R/Burg Stargard 1994/EXT 2001/0-1 (40)}) (6... Nxd4 7. Qxd4
Be6 8. Nc3 c6 9. Bf4 Qf6 10. e5 dxe5 11. Bxe5 Qd8 12. Qf4 Qg5 13. Qxg5 hxg5 14.
Bxe6 fxe6 15. Ne4 g4 16. Rfe1 O-O-O 17. Ng5 Re8 18. Bd4 Rh6 19. Bxa7 Bd6 20. g3
Bc7 21. Bd4 {Blauert,J-Mahmuti,M/Bern 1995/EXT 2000/1/2-1/2 (50)}) 7. Be2 Nf6
8. f4 Ng6 9. Nc3 Be7 10. f5 {White gains space} Ne5 {
The knight is not easily driven from e5} 11. Bf4 c6 {Controls b5} 12. Qe1 Qb6
13. Rd1 Bd7 14. Kh1 O-O-O 15. Nf3 Nfg4 16. Nxe5 dxe5 17. Bxg4 exf4 18. Rxf4
Qxb2 19. Rb1 Qa3 20. e5 Qc5 21. e6 (21. Na4 $5 Qxc2 22. Rb2 $14) 21... fxe6 $11
22. fxe6 Be8 23. Na4 Qg5 24. Rfb4 b5 ({Less advisable is} 24... Bxb4 25. Qxb4
Qb5 26. e7+ Rd7 27. Nc5 Qxb4 28. Rxb4 $16 (28. Bxd7+ {is clearly worse} Bxd7
29. Rxb4 b6 $17)) 25. h4 Bxb4 (25... Qd2 $142 26. Qg1 Bxb4 (26... bxa4 $4 {
simply mating in 4} 27. Rb8+ Kc7 28. Qh2+ Qf4 29. Qxf4+ Bd6 30. R1b7#) (26...
Qxc2 $4 {the pawn is indigestible} 27. Qxa7 Qf2 28. Qxf2 $18) (26... Qxb4 $4 {
a first-class blunder} 27. Rxb4 Kb8 28. Rd4 $18) 27. Qxa7 bxa4 28. e7+ Rd7 29.
Bxd7+ Qxd7 30. Qa8+ Kc7 31. Qa7+ Kc8 32. Qa8+ Kc7 33. Qa7+ Kc8 $11) 26. Qxb4 $4
{White has let it slip away} (26. e7+ $142 {was possible} Qxg4 27. exd8=R+ Kxd8
28. Rxb4 $11) 26... Qxh4+ $19 27. Kg1 Rd5 $4 {spoils everything} (27... h5 $142
{secures the win} 28. e7+ hxg4 (28... Qxg4 $6 29. exd8=R+ Kxd8 30. Qd6+ Qd7 31.
Qb8+ Ke7 32. Qe5+ Kf7 33. Rf1+ Kg6 34. Qe4+ Kh6 35. Nc5 $15) 29. exd8=R+ Qxd8
$19) 28. e7+ $11 Kb8 (28... Kc7 29. Nc5 Kb6 30. Na4+ Kc7 $11) 29. Qf4+ (29. Nc3
a5 30. Qf4+ Ka8 31. Nxd5 cxd5 32. Qd4 Qxe7 33. Qxd5+ Qb7 34. Qd8+ Ka7 35. Qxa5+
Kb8 36. Qb4 $16) 29... Ka8 $17 30. Qf8 $4 {leads to further unpleasantness} (
30. c4 $142 Rh5 31. Nc3 Qxe7 32. Bxh5 Qc5+ 33. Qf2 Qxf2+ 34. Kxf2 Bxh5 35. cxb5
$17) 30... Qxg4 $19 (30... bxa4 $6 {is a useless try} 31. Qf4 Rd1+ 32. Rxd1
Qxe7 33. Bf3 $11) 31. Qxh8 (31. Rf1 {doesn't change anything anymore} Rd2 32.
Qf3 Qxa4 33. c3 $19) 31... Rd1+ (31... Qd4+ 32. Kh2 Rh5+ 33. Kg3 Qe3+ 34. Kg4
Rg5+ 35. Kh4 Qg3#) 32. Rxd1 $19 Qxd1+ 33. Kh2 Qd6+ 34. Kh1 Qxe7 35. Nc5 Kb8 36.
Na6+ (36. Kh2 a5 $19) 36... Kb7 37. Nc5+ Qxc5 38. Qxe8 Qxc2 39. Qe7+ Ka6 40.
Qxg7 Qxa2 41. Qxh6 Qd5 42. Kh2 b4 43. g4 (43. Qf8 {
cannot change what is in store for ?} Qe5+ 44. g3 Kb5 $19) 43... b3 44. Qe3 Qc4
45. Kg3 Kb5 46. g5 (46. Qxa7 Qd3+ 47. Kh4 Qd8+ 48. Kh3 b2 $19) 46... Qc2 (46...
Kb4 47. Qe7+ c5 48. Qb7+ Kc3 49. g6 Qd3+ 50. Kf2 Qc2+ 51. Ke1 Qxg6 52. Qe7 Qg3+
53. Kf1 Qd3+ 54. Kg2 Qd5+ 55. Kg3 $19) 0-1

[Event "SA Candidates"]
[Site "Adelaide"]
[Date "2002.02.12"]
[Round "1.5"]
[White "Driscoll, Adrian"]
[Black "Cooke, Tristrom P"]
[Result "0-1"]
[WhiteElo "1527"]
[BlackElo "1359"]
[Annotator "Fritz 7 - Anderson-Smith,W"]
[PlyCount "76"]
[EventDate "2002.02.12"]
[EventType "swiss"]
[EventRounds "7"]
[EventCountry "AUS"]

{D10: Slav Defence: 3 cxd5 (without early Nf3) and 3 Nc3} 1. d4 d5 2. c4 c6 3.
e3 (3. Nf3 Nf6 4. e3 Bf5 5. Nc3 e6 6. Nh4 Bg4 (6... Be4 7. f3 Bg6 8. Qb3 Qc7 9.
Bd2 Nbd7 10. Rc1 Nb6 11. cxd5 exd5 12. g4 Be7 13. g5 Nh5 14. f4 Qd7 15. Rg1 Qe6
16. Kd1 O-O 17. Nxg6 hxg6 18. Na4 Nxa4 19. Qxa4 Rfc8 20. Be2 Qh3 21. Bg4 Qxh2
22. Kc2 Re8 23. Rh1 Qg2 24. Rcg1 Qe4+ 25. Kc1 c5 26. Bxh5 gxh5 27. Rxh5 g6 28.
Rh3 Bf8 29. Bc3 Bg7 30. Rd1 Rac8 31. Qxa7 cxd4 32. exd4 Ra8 33. Qxb7 Rxa2 34.
Rhd3 Ra1+ {0-1 Sturua,Z-Vallejo Pons,F/Ohrid 2001/CBM 84 (34)}) 7. Qb3 Qb6 8.
h3 Bh5 9. g4 Bg6 10. Nxg6 hxg6 11. g5 Nfd7 12. e4 dxe4 13. Be3 Qxb3 14. axb3
Bb4 15. Bg2 Rh4 16. Ke2 Bxc3 17. bxc3 Na6 18. f3 exf3+ 19. Kxf3 Nc7 20. Kg3 Rh5
21. Bf3 Rh8 22. Bf4 Kd8 23. Rhe1 a6 24. Rad1 Rc8 25. Kg2 Re8 26. h4 Ke7 27. d5
cxd5 28. cxd5 Kd8 29. d6 Nd5 30. Bd2 Nxc3 31. Rc1 Nb5 32. Bxb7 Rxc1 33. Ba5+
Nb6 34. Rxc1 {1-0 Dautov,R-Grabarczyk,M/Ohrid 2001/CBM 84 (34)}) 3... Nf6 4.
Nc3 Bf5 5. Bd3 (5. cxd5 cxd5 6. Bd3 Bxd3 7. Qxd3 Nc6 8. Nf3 e6 9. a3 Be7 10.
Bd2 O-O 11. O-O a6 12. Rac1 Rc8 13. Ne5 Nxe5 14. dxe5 Nd7 15. f4 Nc5 16. Qe2
Nb3 17. Rcd1 Qc7 18. Be1 Rfd8 19. Bf2 g6 {
Hadad,G-Festas,G/GRE 1992/EXT 99/0-1 (50)}) 5... Bxd3 6. Qxd3 dxc4 $146 (6...
e6 7. Nge2 Be7 8. O-O O-O 9. Bd2 b6 10. Rac1 Nbd7 11. cxd5 exd5 12. Ng3 c5 13.
Nf5 g6 14. Nxe7+ Qxe7 15. dxc5 Nxc5 16. Qd4 Rad8 17. Rfd1 Rfe8 18. Be1 Qe5 19.
Nb5 Qg5 20. h4 Qh6 21. Qxf6 {Adler,H-Weidmann,B/Stetten 1988/EXT 97/1-0 (36)})
7. Qxc4 Nbd7 8. Nf3 e6 {Prevents intrusion on d5} 9. O-O Bd6 10. e4 e5 11. h3 {
Controls g4} O-O 12. Re1 exd4 13. Qxd4 Bc5 14. Qd3 Nb6 15. Qe2 (15. Qc2 Nfd7
$14) 15... Qc7 (15... Nfd7 16. e5 $11) 16. a3 {Covers b4} Rad8 17. Be3 Bxe3 18.
Qxe3 Rfe8 19. Rad1 Rxd1 20. Rxd1 Rd8 (20... h6 21. b4 $11) 21. Qe2 (21. Rxd8+
Qxd8 22. e5 Nfd5 $14) 21... Rxd1+ 22. Nxd1 h6 {Covers g5} 23. Nc3 Nbd7 24. Qd2
Nc5 25. Qd4 b6 26. b4 Ne6 27. Qd2 Qf4 (27... Qd7 28. Qe3 $11) 28. Qc2 (28. Qxf4
$5 Nxf4 29. Ne5 $16) 28... Qc7 29. g3 {Prevents intrusion on f4} Qd7 30. Kg2
Nd4 31. Qd1 Nxf3 32. Qxf3 Qe6 33. e5 (33. Qd3 $5 $11 {
should be investigated more closely}) 33... Nd7 $17 (33... Qxe5 $6 34. Qxc6 a6
35. Nd1 $11) 34. b5 Nxe5 35. Qd1 $2 (35. Qe4 $142 $5 f5 36. Qe3 cxb5 37. Kg1
$17) 35... cxb5 $19 36. Qe2 $4 {
terrible, but what else could White do to save the game?} (36. Qd8+ Kh7 37. Qd4
$19) 36... Qc6+ 37. Kg1 (37. Ne4 f5 38. f3 fxe4 39. Qxe4 Qxe4 40. fxe4 a5 $19)
37... Qxc3 38. f4 (38. Qxb5 {otherwise it's curtains at once} Qe1+ 39. Qf1
Qxf1+ 40. Kxf1 $19) 38... Qxg3+ (38... Qxg3+ 39. Kf1 Qxh3+ 40. Kg1 Qg3+ 41. Kf1
Qxf4+ 42. Kg1 a6 $19) 0-1

[Event "SA Candidates"]
[Site "Adelaide"]
[Date "2002.02.12"]
[Round "1.6"]
[White "Heitmann, Syam"]
[Black "Takos, Adam"]
[Result "0-1"]
[WhiteElo "1244"]
[BlackElo "1525"]
[Annotator "Fritz 7 - Anderson-Smith,W"]
[PlyCount "80"]
[EventDate "2002.02.12"]
[EventType "swiss"]
[EventRounds "7"]
[EventCountry "AUS"]

{E20: Nimzo-Indian: 4 g3 and 4 f3} 1. d4 Nf6 2. c4 e6 3. Nc3 Bb4 4. Bd2 b6 5.
Nf3 O-O 6. g3 (6. a3 Bxc3 7. Bxc3 Bb7 8. e3 Ne4 9. Qc2 c5 10. Bd3 f5 11. Nd2
Qh4 12. g3 Qf6 13. Nxe4 fxe4 14. Bxe4 Bxe4 15. Qxe4 Qxf2+ 16. Kd1 Nc6 17. Rc1
Ne7 18. Rc2 Qf7 19. dxc5 bxc5 20. Kc1 d5 21. Qe5 Ng6 22. Qg5 Qf3 {
0-1 Bozic,M-Vukanovic,S/Ljubljana 1997/EXT 98 (22)}) 6... Bb7 7. Bg2 c5 (7...
d6 8. O-O a5 (8... c5 9. d5 e5 10. Nh4 Bxc3 11. Bxc3 Bc8 12. e4 Bg4 13. f3 Bc8
14. Qd2 Nh5 15. Qf2 g5 16. Nf5 Bxf5 17. exf5 Ng7 18. Rfe1 Qf6 19. Bf1 Nd7 20.
Qc2 Rfe8 21. Bd3 Qh6 22. Kg2 Nf6 23. Bd2 Nfh5 24. Rh1 Qf6 25. Kf2 Kf8 26. h4 h6
27. hxg5 hxg5 28. Qc1 Qe7 29. g4 Nf6 30. Rh8+ Ng8 31. f6 Qxf6 32. Bxg5 {
1-0 Nickoloff,B-Al Ghasra,A/Dubai 1986/TD (32)}) 9. Qc2 Nbd7 10. Rad1 Qe7 11.
a3 Bxc3 12. Bxc3 Ne4 13. b4 Nxc3 14. Qxc3 Nf6 15. b5 Ne4 16. Qe3 f5 17. Ng5 d5
18. Nxe4 dxe4 19. f3 exf3 20. Bxf3 Bxf3 21. Rxf3 Rad8 22. Rd3 Qf6 23. Qe5 Qxe5
24. dxe5 g5 25. Kf2 Kf7 26. Rxd8 Rxd8 27. Rd3 Ke7 28. h4 h6 29. hxg5 hxg5 30.
Kf3 Rh8 31. Rd1 Rh2 32. Re1 a4 33. c5 bxc5 34. Rc1 g4+ 35. Ke3 Rg2 36. Rxc5 Kd7
37. Kf4 Rxe2 38. Rc4 Rf2+ 39. Kg5 Rf3 40. Kf6 Rxg3 41. Rd4+ Kc8 42. Kxe6 Rxa3
43. Kxf5 g3 44. Rg4 Rf3+ 45. Ke4 Rb3 46. Rg8+ Kd7 47. Rg7+ Ke6 48. Rxc7 a3 49.
Rc6+ Kd7 50. Rc1 a2 51. Ra1 g2 {0-1 Lundin,E-Larsen,B/Krylbo 1966/EXT 2001 (51)
}) 8. e3 $146 (8. O-O cxd4 9. Nxd4 Bxg2 10. Kxg2 Qc8 11. Qb3 Qb7+ 12. f3 Na6
13. Rfd1 Bxc3 14. Bxc3 d5 15. Nb5 dxc4 16. Qxc4 Nd5 17. Bd4 Rfd8 18. Bf2 Rdc8
19. Qb3 Nc5 20. Qa3 Qc6 21. Nd4 Qa4 22. Qxa4 Nxa4 {
Dejkalo,S-Hawelko,M/Polanica Zdroj 1986/EXT 97/1-0 (61)}) (8. a3 cxd4 9. Nb5
Bxd2+ 10. Qxd2 e5 11. Nd6 Bc6 12. b4 Ne4 13. Nxe4 Bxe4 14. O-O d6 15. Rfd1 Nd7
16. Ng5 Bxg2 17. Kxg2 h6 18. Ne4 Nf6 19. Qd3 Rc8 20. Rac1 Qe7 21. Qf3 Nh7 22.
Qb3 Qe6 {Shariful,A-Quershi,A/Asia-chT 1987/EXT 97/0-1 (38)}) (8. dxc5 Bxc5 9.
O-O Qe7 $11) 8... d6 {Consolidates e5} 9. O-O Nbd7 10. Nb5 Ne4 (10... Bxd2 11.
Nxd2 Bxg2 12. Kxg2 $15) 11. Bxb4 cxb4 12. Nd2 Ndf6 13. Qc2 d5 14. cxd5 $2 (14.
Nxe4 dxe4 15. c5 Ba6 $11) 14... exd5 (14... Nxd2 $142 15. Qxd2 a6 $19) 15. Nxe4
$11 Nxe4 16. a3 (16. Rfc1 Rc8 17. Qb3 a6 18. Rxc8 Bxc8 $17) 16... a6 (16... Rc8
$142 $5 17. Qa4 a6 $19) 17. Qc7 $15 Qxc7 (17... Rb8 $142 $5 {
should not be overlooked} 18. Qxd8 Rfxd8 $11) 18. Nxc7 $14 Rac8 19. Rac1 (19.
Rfc1 b3 $14) 19... bxa3 (19... Nd2 $5 20. Rfd1 Nb3 $11) 20. bxa3 $14 g6 21. Rc2
f5 22. Rcc1 (22. Rfc1 $5 $16) 22... Kf7 23. Rc2 Ke7 24. Rfc1 Kd6 25. f3 Nf6 26.
e4 $4 {White lets it slip away} (26. Rc3 $142 $14 {is a viable option}) 26...
dxe4 $17 27. fxe4 Nxe4 28. Kf1 Rf7 29. Nb5+ axb5 30. Rxc8 Bxc8 31. Rxc8 Ra7 32.
Rb8 Kc7 33. Rh8 Kc6 34. Ke2 (34. g4 Kd5 35. gxf5 gxf5 $19) 34... Kd5 (34...
Rxa3 35. Bxe4+ fxe4 36. Rxh7 $19) 35. Re8 $2 (35. Rd8+ Kc4 36. Bxe4 $17) 35...
Kc4 $4 {there were better ways to keep up the pressure} (35... Rxa3 {
seems even better} 36. Bxe4+ fxe4 37. Rd8+ Kc4 38. d5 $19) 36. Rb8 $2 (36. Bxe4
$142 fxe4 37. Ke3 $17) 36... Rxa3 $19 37. Rxb6 (37. Bxe4 fxe4 38. Rxb6 Kxd4 39.
Rxb5 Ra2+ 40. Kf1 Rxh2 41. Rb4+ Kd3 42. Rb3+ Kc4 $19) 37... Kxd4 (37... Nc3+
$142 {makes it even easier for Black} 38. Kf1 Ra1+ 39. Kf2 Ra2+ 40. Kf1 b4 $19)
38. Rxb5 (38. Bxe4 Ra2+ 39. Kf1 fxe4 40. Rxb5 Rxh2 41. Rb4+ Kd5 42. Rb7 $19)
38... Nc3+ 39. Kd2 (39. Kf2 {does not win a prize} Nxb5 40. h4 Nc3 $19) 39...
Nxb5 40. Bc6 Nd6 (40... Nd6 41. Ke2 Ne4 $19) (40... Ra2+ 41. Kd1 Nc3+ 42. Kc1
Kd3 43. Bb5+ Nxb5 44. h3 Nc3 45. h4 Rc2#) 0-1

[Event "SA Candidates"]
[Site "Adelaide"]
[Date "2002.02.12"]
[Round "1.7"]
[White "Gibson, Gary"]
[Black "Schoech, Franz"]
[Result "1-0"]
[WhiteElo "1653"]
[BlackElo "1197"]
[Annotator "Fritz 7 - Anderson-Smith,W"]
[PlyCount "83"]
[EventDate "2002.02.12"]
[EventType "swiss"]
[EventRounds "7"]
[EventCountry "AUS"]

{C40: Latvian and Elephant Gambits} 1. e4 e5 2. Nf3 (2. c3 Nf6 3. d4 (3. Nf3
Nc6 4. d3 d5 5. Qc2 Bc5 6. Bg5 Be6 7. Nbd2 Bb6 8. Be2 Qd7 9. Bxf6 gxf6 10. d4
exd4 11. exd5 Bxd5 12. Ne4 Qe6 13. Ned2 dxc3 14. bxc3 O-O-O 15. Nb3 Bxf3 16.
gxf3 Ne5 17. O-O Rhg8+ 18. Kh1 Qh3 19. Rg1 Nxf3 {
0-1 Cashman,R-Eschbach,K/Ventura 1971/EXT 98 (19)}) 3... Nxe4 4. dxe5 Bc5 5.
Qg4 Nxf2 6. Qxg7 Rf8 7. Bg5 f6 8. exf6 Rxf6 9. Bxf6 Be7 10. Qg8+ {
1-0 Morphy,P-Bottin,A/Paris 1858/EXT 99 (10)}) 2... c6 3. Nxe5 (3. d4 exd4 4.
Nxd4 Nf6 5. e5 Qa5+ 6. Nc3 Qxe5+ 7. Be2 d5 8. Nf3 Qc7 9. O-O Bd6 10. h3 O-O 11.
b3 Bf5 12. Bb2 Nbd7 13. Rc1 Rfe8 14. Bd3 Bg6 15. Bxg6 hxg6 16. Ne2 Re7 17. c4
Rae8 {Kilpela,P-Bondarenko,V/St Petersburg 1999/EXT 2000/0-1 (36)}) 3... Qe7 4.
Nf3 (4. d4 d6 5. Nf3 Qxe4+ 6. Be2 $14) 4... Qxe4+ 5. Be2 Nf6 $146 (5... d5 6.
O-O Bd6 7. Re1 Ne7 8. d4 h6 9. Nbd2 Qh7 10. Nf1 Bf5 11. Ne3 Be4 12. c4 O-O 13.
Qb3 b6 14. Nd2 dxc4 15. Ndxc4 Bf4 16. Ng4 Bxc1 17. Raxc1 Nd5 18. Nge5 f6 19.
Bf3 Bxf3 20. Nxf3 {Bauer,O-Ackermann,D/Unterfranken 1987/EXT 97/1/2-1/2 (34)})
6. O-O Bd6 7. Re1 O-O 8. d3 Qe8 9. Bg5 Be7 10. Bf1 Qd8 11. Re2 (11. Qe2 Re8 $14
) 11... d6 {Prevents intrusion on e5} (11... d5 12. Qe1 Bd6 13. Qc3 $11) 12. h3
{Secures g4} (12. Qe1 Re8 $14) 12... Be6 $11 13. Qe1 Qd7 14. Nd4 Re8 15. Nxe6 (
{Worse is} 15. Rxe6 fxe6 16. Qxe6+ Qxe6 17. Nxe6 Na6 $17) 15... fxe6 16. Rxe6
Kf7 17. Re2 Nd5 18. Bxe7 Nxe7 19. Nc3 c5 20. Qd2 Nbc6 21. Qf4+ Kg8 22. Nb5 Rad8
23. c3 {Secures b4+d4} a6 24. Na3 Ng6 25. Qd2 d5 26. d4 c4 {
Black gets more space} (26... Rxe2 27. Bxe2 cxd4 28. cxd4 $14) 27. Nc2 Re7 28.
Rxe7 Ngxe7 29. Re1 b5 30. Be2 Qd6 31. Bg4 Qf6 32. Re6 Qf7 33. Qe2 Kh8 $2 (33...
Kf8 $142 $18) 34. Nb4 Nxb4 (34... Rc8 $18) 35. Rxe7 (35. cxb4 $6 {
is a bad alternative} Ng8 $18) 35... Qf8 36. cxb4 h6 37. a3 Rb8 38. Bf3 (38.
Qe5 $142 {keeps an even firmer grip} Rd8 $18) 38... Rd8 (38... Qf4 {
a fruitless try to alter the course of the game} 39. Bxd5 Rf8 40. Re8 Qc1+ 41.
Kh2 Qf4+ 42. g3 $18) 39. Bxd5 $1 {a brilliant end} Qf4 (39... Rxd5 {
Theme: Deflection from e8} 40. Re8 {A pinning theme}) 40. Re8+ Rxe8 41. Qxe8+
Kh7 (41... Qf8 {cannot change destiny} 42. Qxf8+ Kh7 43. Qf7 c3 44. Be4+ Kh8
45. Qe8#) 42. Qe4+ (42. Qe4+ Qxe4 43. Bxe4+ Kg8 44. Bb7 $18) (42. Bg8+ Kh8 43.
Bf7+ Kh7 44. Bg6#) 1-0